Missing Word: Jessica Actresses Quiz Stats

Quiz Updated Feb 27, 2016

Challenge
Share
Tweet
Embed
Score 0/20 Timer 03:00
0 Plays Today
Hint Missing Word % Correct
Jessica BielNew
97%
Jessica BielChainsaw
96.7%
Jessica BielTotal
95.5%
Jessica LangeThat
94.5%
Jessica AlbaCity
92.8%
Jessica ChastainZero
92.7%
Jessica BielPronounce
90.5%
Jessica AlbaLuck
90.1%
Jessica LangeFear
86.3%
Jessica ChastainWanted
86.3%
Hint Missing Word % Correct
Jessica LangePostman
81.8%
Jessica AlbaFantastic
81.6%
Jessica LangeRob
73.7%
Jessica BielBrave
70.2%
Jessica AlbaInside
55%
Jessica ChastainTree
33.4%
Jessica ChastainFields
32.4%
Jessica AlbaBlue
24.1%
Jessica ChastainTake
15.1%
Jessica LangeAcres
11.5%

Today's Daily Dose

Quick Pick
Brass Quintet

On This Day
May 22nd II

You're not logged in!

Compare scores with friends on all Sporcle quizzes.
Join for Free
OR
Log In

You Might Also Like...

Show Comments

Extras

Top Quizzes Today


Score Distribution

Your Account Isn't Verified!

In order to create a playlist on Sporcle, you need to verify the email address you used during registration. Go to your Sporcle Settings to finish the process.

Report this User

Report this user for behavior that violates our Community Guidelines.

Details: